| 000 | 00782nam a2200229 a 4500 | ||
|---|---|---|---|
| 001 | 000044077 | ||
| 005 | 20201002045131.0 | ||
| 008 | 140515s2014 dr 000 j spa d | ||
| 020 | _a9789945581195 | ||
| 040 |
_aDO-SdBNP _bspa _cBNPHU |
||
| 082 |
_aPR863.44 _bC352h |
||
| 100 | 1 |
_aCastillo, Raúl _972072 |
|
| 245 | 1 | 3 |
_aEl hogar de los escombros : _bcuentos / _cRaúl Castillo Soto. |
| 260 |
_aSan Juan ; Santo Domingo : _bIsla Negra, _c2014. |
||
| 300 |
_a140 p. ; _c22 cm. |
||
| 490 | 1 | _aEl rosto y la máscara | |
| 500 | _aIncluye datos biográficos del autor en la solapa de la cubierta. | ||
| 650 | 4 |
_aCuentos puertorriqueños _9249 |
|
| 650 | 4 |
_aLiteratura puertorriqeuña _972073 |
|
| 830 | 0 |
_aEl rosto y la máscara _972074 |
|
| 910 | _aValidado. Control de calidad MFF | ||
| 999 |
_c43566 _d43566 |
||